[Event "6th TCh-Euro u18 Girls"]
[Site "Balatonlelle HUN"]
[Date "2006.07.13"]
[Round "2"]
[White "Rakic,Ma"]
[Black "Bojovic,J"]
[Result "1-0"]
[WhiteElo "2128"]
[BlackElo "1957"]

1.d4 Nf6 2.c4 e6 3.Nf3 b6 4.g3 Ba6 5.Nbd2 Bb4 6.Qc2 Bb7 7.Bg2 c5 8.O-O cxd4
9.Nb3 Be4 10.Qd1 Qc8 11.a3 Be7 12.Qxd4 O-O 13.Bg5 Bb7 14.Rfd1 Nc6 15.Qd3 Rd8
16.e4 d6 17.Nbd2 Ne5 18.Qc2 b5 19.Nxe5 dxe5 20.Rac1 bxc4 21.Nxc4 Qc5 22.Be3 Qc7
23.Rxd8+ Bxd8 24.Qd1 Qe7 25.Nxe5 Bc7 26.Nc6 Bxc6 27.Rxc6 Be5 28.Qc2 Qb7 29.b4 Ng4
30.Bxa7 h6 31.Bb6 Rxa3 32.h3 Ra1+ 33.Bf1 Nh2 34.Kxh2 Rxf1 35.b5 Ra1 36.Qc5 Bf6
37.Rc8+ Kh7 38.Qc6 Qxc6 39.bxc6 Rc1 40.f4  1-0

[Event "3rd South Wales Int"]
[Site "Caerleon WLS"]
[Date "2006.07.13"]
[Round "8"]
[White "Gormally,D"]
[Black "Broomfield,M"]
[Result "1/2-1/2"]
[WhiteElo "2513"]
[BlackElo "2325"]

1.d4 Nf6 2.Nf3 e6 3.c4 b6 4.g3 Ba6 5.b3 Bb4+ 6.Bd2 Be7 7.Nc3 O-O 8.e4 d5
9.e5 Ne4 10.Bd3 Bb7 11.O-O Nxd2 12.Nxd2 dxc4 13.Nxc4 g6 14.Be2 Qd7 15.Bf3 Bxf3
16.Qxf3 Nc6 17.d5 exd5 18.Qxd5 Qxd5 19.Nxd5 Rac8 20.Rac1 Rfd8 21.Rfd1 Bc5
22.Kg2 Kg7 23.f4 Nd4 24.Rxd4 Bxd4 25.Ne7 Ra8 26.Nc6 b5 27.Nxd8 Rxd8 28.Na5 Bb6
29.Nc6 Rd2+ 30.Kh3 Rxa2 31.Rd1 Rc2 32.Ne7 Bc5 33.Nd5 c6 34.Nc7 Kf8 35.Na6 Bb6
36.b4 Ke8 37.g4 Rc3+ 38.Kg2 Rc4 39.Kf3 Rc3+ 40.Kg2 Rc4 41.Kf3 Bd4 42.h4 f6
43.exf6 Bxf6 44.Nc7+ Ke7 45.Na6 Bc3 46.Nc5 Bxb4 47.Ne4 h6 48.f5 gxf5 49.gxf5 Bc5
50.Re1 Kf7 51.Rd1 Rd4 52.Rc1 Rd3+ 53.Kg4 Rd4 54.Kf4 Bd6+ 55.Ke3 c5 56.Ra1 Bb8
57.Ra5 Rb4 58.Nxc5 Rxh4 59.Rxb5 Be5 60.Ne4 Rh3+ 61.Kd2 Bf4+  1/2-1/2

[Event "Open A"]
[Site "Banska Stiavnica SVK"]
[Date "2006.07.14"]
[Round "7"]
[White "Maslik,M"]
[Black "Berezjuk,S"]
[Result "1/2-1/2"]
[WhiteElo "2226"]
[BlackElo "2445"]

1.d4 Nf6 2.c4 e6 3.Nf3 b6 4.g3 Ba6 5.Nbd2 Bb7 6.Bg2 c5 7.e4 cxd4 8.O-O d6
9.Nxd4 a6 10.Re1 Qc7 11.a4 Be7 12.a5 Nbd7 13.N2b3 Rc8 14.axb6 Nxb6 15.Na5 Ba8
16.Bd2 O-O 17.Qe2 Rfe8 18.Rec1 Bf8 19.b4 Nfd7 20.Be3 Ne5 21.c5 dxc5 22.bxc5 Nbd7
23.Ndb3 Nb8 24.f4 Nec6 25.Nc4 e5 26.Nb6 exf4 27.gxf4 Bb7 28.Nxc8 Qxc8 29.e5 g5
30.Qh5 gxf4 31.Be4 h6 32.Bxf4 Qe6 33.Rc3 Nd8 34.Rg3+ Kh8 35.Bxb7 Nxb7 36.Kf2 Nxc5
37.Nxc5 Bxc5+ 38.Kg2 Bf8 39.Rg1 Nd7 40.Kh1 Qd5+ 41.R1g2 Nf6 42.Qf5 Qd1+ 43.Rg1 Qd5+
44.R1g2 Qd1+ 45.Rg1 Qd5+ 46.R3g2 Re6 47.h3 Bc5 48.Rb1 Bd6 49.Bxh6 Ne4 50.Bg7+ Kg8
51.Kh2 Rg6 52.Rxg6 fxg6 53.Qxg6 Qd2+ 54.Qg2 Qf4+ 55.Kh1 Ng3+ 56.Kh2 Nf1+
57.Kh1 Ng3+ 58.Kh2 Nf1+ 59.Kh1 Ng3+ 60.Kh2 Nf1+ 61.Kh1 Ng3+ 62.Kh2 Ne4+ 63.Kh1 Ng3+
64.Kh2 Ne4+ 65.Kh1 Ng3+ 66.Kh2  1/2-1/2

[Event "Inautomarket Open"]
[Site "Minsk BLR"]
[Date "2006.07.15"]
[Round "6"]
[White "Andreikin,D"]
[Black "Gasanov,E"]
[Result "1-0"]
[WhiteElo "2503"]
[BlackElo "2443"]

1.d4 Nf6 2.Nf3 e6 3.c4 b6 4.g3 Ba6 5.b3 Bb7 6.Bg2 Bb4+ 7.Bd2 a5 8.O-O O-O
9.a3 Bxd2 10.Qxd2 d6 11.Nc3 Ne4 12.Nxe4 Bxe4 13.Qf4 f5 14.Ng5 Bxg2 15.Kxg2 Qf6
16.d5 e5 17.Qh4 h6 18.Ne6 Qxh4 19.gxh4 Rf7 20.f4 exf4 21.Rxf4 Na6 22.Raf1 Nc5
23.e4 g6 24.h5 Nxe6 25.dxe6 Rg7 26.Kh3 Re8 27.hxg6 fxe4 28.Rf7 Kh8 29.R1f6 Reg8
30.e7 e3 31.Re6 Re8 32.Rf8+ Rg8 33.Rxe8 Rxe8 34.Kg3 Kg7 35.Kf3 h5 36.h4  1-0

[Event "XXIV Andorra Open"]
[Site "Andorra la Vella AND"]
[Date "2006.07.16"]
[Round "9"]
[White "Damaso,R"]
[Black "Sethuraman,S"]
[Result "0-1"]
[WhiteElo "2463"]
[BlackElo "2290"]

1.d4 Nf6 2.Nf3 e6 3.c4 b6 4.g3 Ba6 5.b3 Bb4+ 6.Bd2 Be7 7.Nc3 c6 8.e4 d5 9.e5 Ne4
10.Bd3 Nxc3 11.Bxc3 c5 12.dxc5 bxc5 13.Qe2 Bb7 14.Rd1 d4 15.Be4 Qc7 16.Bd2 Bxe4
17.Qxe4 Qc6 18.Qd3 O-O 19.O-O Nd7 20.Bg5 Rae8 21.Rde1 h6 22.Bxe7 Rxe7 23.Nd2 a5
24.f4 a4 25.Ne4 Ree8 26.Nd6 Ra8 27.Re2 axb3 28.axb3 Ra5 29.Qf3 Qxf3 30.Rxf3 Rb8
31.Rb2 Kf8 32.Kf2 Ke7 33.Nb5 Nb6 34.f5 Ra6  0-1

[Event "ch-SUI"]
[Site "Lenzerheide SUI"]
[Date "2006.07.20"]
[Round "8"]
[White "Pelletier,Y"]
[Black "Klauser,M"]
[Result "1-0"]
[WhiteElo "2583"]
[BlackElo "2402"]

1.d4 Nf6 2.c4 e6 3.Nf3 b6 4.g3 Ba6 5.Nbd2 Bb4 6.Qc2 O-O 7.Bg2 d5 8.O-O c5
9.dxc5 Bxc5 10.Ne5 Nbd7 11.Qa4 Qc8 12.Nxd7 Nxd7 13.cxd5 Bxe2 14.Re1 Bd3 15.Nb3 b5
16.Qh4 Bb6 17.d6 Qc2 18.Nd4 Qc5 19.Be3 Qxd6 20.Rad1 Ne5 21.Bxa8 Rxa8 22.Qf4 Qd5
23.f3 Bxd4 24.Kg2 Bxe3 25.Qxe3 f6 26.b3 Rd8 27.Kf2 Qd4 28.Qxd4 Rxd4 29.Rd2 Rd5
30.Red1 Bg6 31.Rxd5 exd5 32.Rxd5 b4 33.Rd8+ Kf7 34.Ra8 Bb1 35.Rxa7+ Kg6 36.Ke3 h5
37.h3 Nd3 38.Rd7 Ne5 39.Rd2 Kf5 40.Rb2 Bd3 41.f4 Bf1 42.fxe5 Kxe5 43.h4 g5
44.Rd2  1-0

[Event "Czech Open A"]
[Site "Pardubice CZE"]
[Date "2006.07.21"]
[Round "1"]
[White "Cedikova,K"]
[Black "Krysztofiak,M"]
[Result "0-1"]
[WhiteElo "2199"]
[BlackElo "2388"]

1.d4 Nf6 2.c4 e6 3.Nf3 b6 4.g3 Ba6 5.Qa4 Bb7 6.Bg2 c5 7.dxc5 bxc5 8.O-O Be7
9.Nc3 O-O 10.Rd1 Qb6 11.Qc2 Nc6 12.Bg5 Rfd8 13.e4 h6 14.Bf4 d6 15.b3 Ng4
16.Qe2 Bf6 17.Rac1 Nge5 18.Nxe5 Bxe5 19.Qg4 Bxf4 20.Qxf4 e5 21.Qe3 Nd4 22.Bh3 Bc6
23.Rb1 Qb4 24.Rd3 Qa3 25.Qd2 a5 26.Bg2 Rab8 27.Nd1 Qb4 28.Qb2 Qe1+ 29.Bf1 Qxe4  0-1

[Event "10th Battle of Senta 1697 Open"]
[Site "Senta SCG"]
[Date "2006.07.21"]
[Round "1"]
[White "Manojlovic,Sa"]
[Black "Ostojic,N"]
[Result "0-1"]
[WhiteElo "2082"]
[BlackElo "2416"]

1.d4 Nf6 2.Nf3 e6 3.c4 b6 4.g3 Ba6 5.b3 b5 6.cxb5 Bxb5 7.Bg2 Bc6 8.O-O Qc8
9.Bb2 a5 10.Nc3 Bb4 11.Rc1 O-O 12.Qc2 Bxc3 13.Bxc3 Be4 14.Qb2 Nd5 15.Nd2 Bxg2
16.Kxg2 f5 17.Kg1 Nc6 18.e4 fxe4 19.Nxe4 Qe8 20.Qe2 a4 21.Rfd1 axb3 22.axb3 Qg6
23.Kh1 Ra2 24.Qxa2 Qxe4+ 25.Kg1 Qf3 26.Be1 Ne3  0-1

[Event "XLVIII TCh-POR"]
[Site "Evora POR"]
[Date "2006.07.23"]
[Round "2"]
[White "Marzolo,C"]
[Black "Khamrakulov,I"]
[Result "1/2-1/2"]
[WhiteElo "2440"]
[BlackElo "2504"]

1.Nf3 Nf6 2.c4 e6 3.d4 b6 4.g3 Ba6 5.b3 Bb4+ 6.Bd2 Be7 7.Bg2 d5 8.Ne5 Bb7
9.Nc3 c5 10.dxc5 bxc5 11.cxd5 exd5 12.O-O Qc8 13.Rc1 d4 14.Bxb7 Qxb7 15.Na4 Ne4
16.f3 Nxd2 17.Qxd2 Na6 18.Nd3 Rc8 19.e4 dxe3 20.Qxe3 c4 21.Rfe1 O-O 22.Rxc4 Rxc4
23.bxc4 Bf6 24.Kg2 Qc6 25.Nac5 Nxc5 26.Qxc5 Qa4 27.Re2  1/2-1/2

[Event "XLVIII TCh-POR"]
[Site "Evora POR"]
[Date "2006.07.23"]
[Round "2"]
[White "Riazantsev,A"]
[Black "Damaso,R"]
[Result "1-0"]
[WhiteElo "2622"]
[BlackElo "2463"]

1.d4 Nf6 2.c4 e6 3.Nf3 b6 4.g3 Ba6 5.Qb3 Nc6 6.Nbd2 Na5 7.Qc3 c5 8.dxc5 bxc5
9.e4 d6 10.a3 Bb7 11.b4 Nc6 12.Bg2 Be7 13.b5 Nb8 14.Bb2 Nbd7 15.O-O O-O 16.Rfd1 Qc7
17.a4 e5 18.a5 Rae8 19.Ne1 Ng4 20.Qd3 Nh6 21.Nc2 f5 22.Ne3 f4 23.Nd5 Qd8
24.Nb3 Bxd5 25.Qxd5+ Kh8 26.Bh3 Nf6 27.Qc6 fxg3 28.hxg3 Nfg4 29.Rd2 Bh4 30.Rxd6 Qg5
31.Bc1 Qh5 32.Bxh6 Bxg3 33.Bxg7+ Kxg7 34.Qd7+ Kh8 35.Qxg4 Bxf2+ 36.Kh1 Qf7
37.Rd7  1-0

[Event "10th Battle of Senta 1697 Open"]
[Site "Senta SCG"]
[Date "2006.07.23"]
[Round "4"]
[White "Tancik,K"]
[Black "Govedarica,R"]
[Result "1/2-1/2"]
[WhiteElo "2123"]
[BlackElo "2415"]

1.d4 Nf6 2.c4 e6 3.Nf3 b6 4.g3 Ba6 5.Qb3 c5 6.d5 exd5 7.cxd5 Be7 8.Bg2 d6
9.Nc3 O-O 10.O-O Re8 11.Re1 Nbd7 12.a4 Bf8 13.e4 Bd3 14.Bg5 h6 15.Bxf6 Qxf6
16.Nd2 a6 17.Bf1 Bxf1 18.Rxf1 h5 19.Kg2 g6 20.f4 Rab8 21.Rae1 Qd8 22.e5 dxe5
23.f5 b5 24.axb5 axb5 25.Nce4 Bg7 26.fxg6 fxg6 27.Qc2 Qb6 28.Ng5 e4 29.Ndxe4 Ne5
30.Ne6 Rxe6 31.dxe6 Qxe6 32.Qxc5 Rc8 33.Qxb5 Rc2+ 34.Re2 Rxe2+ 35.Qxe2 Qc6
36.b3 Qb7 37.Rb1 Qb4 38.Nd2 Kh7 39.Nf3 Qb7 40.h4 Ng4 41.b4 Bd4 42.Rb3 Bb6
43.Kf1 Qa7 44.Kg2 Ne3+ 45.Rxe3 Bxe3 46.Ng5+  1/2-1/2

[Event "XLVIII TCh-POR"]
[Site "Evora POR"]
[Date "2006.07.24"]
[Round "3"]
[White "Ferreira,P"]
[Black "Riazantsev,A"]
[Result "0-1"]
[WhiteElo "2052"]
[BlackElo "2622"]

1.d4 Nf6 2.c4 e6 3.Nf3 b6 4.g3 Ba6 5.Nbd2 Bb4 6.Qa4 Qe7 7.a3 Bxd2+ 8.Bxd2 O-O
9.Bg2 Bb7 10.O-O d6 11.b4 Nbd7 12.Bc3 a6 13.Qb3 Be4 14.Qb2 Rae8 15.Rae1 Qd8
16.Nd2 Bxg2 17.Kxg2 d5 18.f3 b5 19.c5 Nb8 20.e4 Nc6 21.e5 Nd7 22.f4 f6 23.Nf3 Re7
24.a4 Qb8 25.f5 fxe5 26.fxe6 e4 27.exd7 exf3+ 28.Rxf3 Rxf3 29.Rxe7 Nxe7 30.Kxf3 Qd8
31.axb5 axb5 32.Qe2 Qxd7 33.Qe5 h6 34.Bd2 Nc6 35.Qf4 Qh3 36.Be3 Qf1+ 37.Kg4 Qe2+
38.Kh3 Nxb4 39.Qe5 Qf1+ 40.Kg4 Qg2 41.Bf4 Nd3 42.Qxc7 Qe2+  0-1

[Event "Dutch Open"]
[Site "Dieren NED"]
[Date "2006.07.25"]
[Round "1"]
[White "De Saegher,C"]
[Black "Baramidze,D"]
[Result "0-1"]
[WhiteElo "2203"]
[BlackElo "2591"]

1.d4 Nf6 2.Nf3 e6 3.c4 b6 4.g3 Ba6 5.b3 Bb4+ 6.Bd2 Be7 7.Bg2 Bb7 8.Nc3 O-O
9.O-O d5 10.cxd5 Nxd5 11.Nxd5 Bxd5 12.Qc2 Nd7 13.e4 Bb7 14.Rad1 c5 15.Bc3 cxd4
16.Bxd4 Qe8 17.Rfe1 Rc8 18.Qb2 f6 19.b4 e5 20.Bc3 b5 21.Bh3 Rc7 22.Nh4 Nb6
23.Nf5 Kh8 24.Qb3 Qc8 25.Bb2 Rc4 26.a3 Bxe4 27.Rxe4 Rxe4 28.Qf3 Rc4 29.Kg2 Qc7
30.Bg4 Rd8 31.Rxd8+ Qxd8 32.Ne3 Rc7 33.h4 Qd2 34.Bf5 g6 35.Bxe5 fxe5 36.Be6 Qd8  0-1

[Event "XLVIII TCh-POR"]
[Site "Evora POR"]
[Date "2006.07.26"]
[Round "5"]
[White "Ferreira,P"]
[Black "Spraggett,K"]
[Result "0-1"]
[WhiteElo "2052"]
[BlackElo "2577"]

1.d4 Nf6 2.c4 e6 3.Nf3 b6 4.g3 Ba6 5.Nbd2 d5 6.cxd5 exd5 7.Bg2 Be7 8.Qa4+ c6
9.Ne5 Qc8 10.Ndf3 O-O 11.Bg5 h6 12.Bxf6 Bxf6 13.b4 Bb5 14.Qd1 Be7 15.a3 a5
16.Rb1 axb4 17.axb4 Na6 18.O-O Nxb4 19.Rb2 Qe6 20.Qb1 Ra4 21.Re1 Rfa8 22.Qc1 Ra2
23.Nd2 Rxb2 24.Qxb2 Ra2 25.Qc3 c5 26.Nb3 Rxe2 27.Rxe2 Bxe2 28.dxc5 bxc5  0-1

[Event "Czech Open A"]
[Site "Pardubice CZE"]
[Date "2006.07.28"]
[Round "8"]
[White "Meister,P"]
[Black "Krensing,J"]
[Result "1/2-1/2"]
[WhiteElo "2384"]
[BlackElo "2263"]

1.d4 Nf6 2.c4 e6 3.Nf3 b6 4.g3 Ba6 5.Qb3 Nc6 6.Nbd2 Na5 7.Qa4 Bb7 8.Bg2 c5
9.dxc5 bxc5 10.O-O Qc7 11.Re1 Nc6 12.e4 Bd6 13.Nb1 Ng4 14.Nc3 a6 15.Ne2 O-O
16.h3 Nge5 17.Nxe5 Bxe5 18.f4 Bd4+ 19.Nxd4 Nxd4 20.Be3 f6 21.b4 d6 22.Bxd4 cxd4
23.Rac1 a5 24.c5 axb4 25.Qxb4 dxc5 26.Rxc5 Qd7 27.Rd1 Rfd8 28.Rd2 d3 29.Rb5 Bc6
30.Rb6 Ra4 31.Qb3 h5 32.f5 h4 33.gxh4 Qd4+ 34.Kf1 Ra3 35.Qxa3 Qa1+ 36.Kf2 Qd4+
37.Kf1 Qa1+ 38.Kf2 Qd4+ 39.Kf1 Qa1+  1/2-1/2

[Event "Czech Open A"]
[Site "Pardubice CZE"]
[Date "2006.07.29"]
[Round "9"]
[White "Balhar,J"]
[Black "Schneider,Dav"]
[Result "1-0"]
[WhiteElo "2311"]
[BlackElo "2202"]

1.d4 Nf6 2.c4 e6 3.Nf3 b6 4.g3 Ba6 5.b3 Bb4+ 6.Bd2 Be7 7.Bg2 c6 8.Bc3 d5
9.Nbd2 Nbd7 10.O-O O-O 11.Rc1 Rc8 12.Re1 c5 13.Ne5 cxd4 14.Bxd4 Nxe5 15.Bxe5 Bc5
16.e3 Bb4 17.cxd5 Rxc1 18.Qxc1 Nxd5 19.e4 Ne3 20.Bc3 Bxc3 21.Qxc3 Nxg2 22.Kxg2 Qd7
23.Nf3 Rc8 24.Qd4 Qxd4 25.Nxd4 Rd8 26.Nc6 Rd7 27.Nb8 Rd2 28.Nxa6 Rxa2  1-0

[Event "Dutch Open"]
[Site "Dieren NED"]
[Date "2006.08.02"]
[Round "8"]
[White "De Saegher,C"]
[Black "Grooten,H"]
[Result "0-1"]
[WhiteElo "2203"]
[BlackElo "2362"]

1.d4 Nf6 2.Nf3 e6 3.c4 b6 4.g3 Ba6 5.b3 Bb4+ 6.Bd2 Be7 7.Bg2 d5 8.Ne5 Bb7
9.Nc3 c5 10.Be3 Na6 11.O-O O-O 12.Rc1 cxd4 13.Bxd4 Ba3 14.Rc2 Qe7 15.cxd5 exd5
16.Nd3 Ne4 17.Nb5 Bc5 18.Qa1 f6 19.Qb2 Bc6 20.b4 Bxb5 21.bxc5 Ba4 22.Rcc1 Naxc5
23.Nxc5 bxc5 24.Qa3 Qd7 25.Bxc5 Rfe8 26.Be3 Rad8 27.Bf4 Bc6 28.Rc2 d4 29.Rfc1 Nc3
30.Bxc6 Qxc6 31.e3 Qf3 32.Qb3+ Kh8 33.Qc4 Rc8 34.Bc7 dxe3 35.Rxc3 Qxf2+ 36.Kh1 e2
37.Ba5 e1=Q+  0-1

[Event "17th Jozef Kochan Mem"]
[Site "Koszalin POL"]
[Date "2006.08.04"]
[Round "1"]
[White "Szymanska,M"]
[Black "Krysztofiak,M"]
[Result "1/2-1/2"]
[WhiteElo "2186"]
[BlackElo "2388"]

1.d4 Nf6 2.c4 e6 3.Nf3 b6 4.g3 Ba6 5.Qa4 Bb7 6.Bg2 c5 7.O-O Be7 8.Nc3 O-O
9.Rd1 d6 10.dxc5 bxc5 11.Bf4 Qb6 12.Rd2 h6 13.h4 Nh5 14.Be3 Nc6 15.Nb5 Ne5
16.Nxe5 dxe5 17.Bxb7 Qxb7 18.Rad1 Qe4 19.Qb3 f5 20.f3 Qc6 21.Bf2 Nf6 22.Nd6 f4
23.Qb5 Qxb5 24.Nxb5 Rfc8 25.e4 fxe3 26.Bxe3 e4 27.Kg2 exf3+ 28.Kxf3 a6 29.Nc3 Rf8
30.Kg2 Ng4 31.Bg1 Ne5 32.Re2 Nxc4 33.b3 Bf6 34.Ne4 Ne5 35.Bxc5 Rfe8 36.Nxf6+ gxf6
37.Rd6 Kf7 38.Red2  1/2-1/2

[Event "15th Open A"]
[Site "Vienna AUT"]
[Date "2006.08.05"]
[Round "8"]
[White "Galavics,H"]
[Black "Kuran,A"]
[Result "1/2-1/2"]
[WhiteElo "2092"]
[BlackElo "1993"]

1.d4 Nf6 2.c4 e6 3.Nf3 b6 4.g3 Ba6 5.b3 c6 6.Bg2 Bb4+ 7.Bd2 Be7 8.O-O d5
9.cxd5 cxd5 10.Bc3 Nc6 11.Nbd2 Rc8 12.a3 O-O 13.Bb2 Ne4 14.Re1 Bf6 15.Nxe4 dxe4
16.Ne5 Nxe5 17.dxe5 Qxd1 18.Raxd1 Rc2 19.Rb1 Bg5 20.Bxe4 Rxe2 21.Rxe2 Bxe2
22.Re1  1/2-1/2

[Event "107th Annual US Open"]
[Site "Chicago USA"]
[Date "2006.08.07"]
[Round "3"]
[White "Almeida Saenz,A"]
[Black "Goldstein,B"]
[Result "1-0"]
[WhiteElo "2400"]
[BlackElo "2109"]

1.d4 Nf6 2.Nf3 e6 3.c4 b6 4.g3 Ba6 5.b3 d5 6.Bg2 dxc4 7.Ne5 Bb4+ 8.Kf1 Bd6
9.Nxc4 Nd5 10.Bf3 f5 11.Kg2 Nc6 12.Nxd6+ Qxd6 13.Ba3 Qd7 14.Qd2 Rd8 15.Rd1 Nce7
16.Nc3 Bb7 17.Rac1 Nxc3 18.Qxc3 Bxf3+ 19.Qxf3 O-O 20.Qb7 Qd5+ 21.Qxd5 Nxd5
22.Bxf8 Kxf8 23.h4 Rd7 24.a3 Kf7 25.Rd3 g6 26.b4 a6 27.Rb3 h6 28.e3 g5 29.hxg5 hxg5
30.Rh1 Rd8 31.Rbb1 Kg7 32.Rbc1 g4 33.Rhe1 Rd7 34.Rc6 Kf7 35.Rh1 Nf6 36.Rh8 Ne8
37.Kf1 Re7 38.Ke2 Rd7 39.a4 Rd6 40.Rh7+  1-0

[Event "FSGM August"]
[Site "Budapest HUN"]
[Date "2006.08.12"]
[Round "8"]
[White "Ilincic,Z"]
[Black "Nemeth,Mi1"]
[Result "1/2-1/2"]
[WhiteElo "2515"]
[BlackElo "2396"]

1.d4 Nf6 2.c4 e6 3.Nf3 b6 4.g3 Ba6 5.Qa4 c5 6.Bg2 Bb7 7.O-O cxd4 8.Nxd4 Bxg2
9.Kxg2 Qc8 10.Rd1 a6 11.Nc3 Qb7+ 12.f3 Be7 13.Bg5 O-O 14.Ne4 Rc8 15.Nxf6+ gxf6
16.Bh6 Kh8 17.Qb3 d6 18.c5 Rxc5 19.Nxe6 fxe6 20.Qxe6 Nc6 21.Qf7 Rg8 22.Rxd6 Ne5
23.Qe6 Rc2 24.Rd2 Rxd2 25.Bxd2 Qd7 26.Qxd7 Nxd7 27.Rc1 Rd8 28.Rc7 Nc5 29.Bc3 Rd7
30.Rc6 Na4 31.Bxf6+ Bxf6 32.Rxf6 Rd2 33.b3 Nc3 34.Rxb6 Rxe2+ 35.Kh3 Rxa2
36.Kg4 Kg7 37.Rb7+ Kg6  1/2-1/2

[Event "Open"]
[Site "Stare Mesto CZE"]
[Date "2006.08.12"]
[Round "2"]
[White "Rojicek,V"]
[Black "Krejci,Jan2"]
[Result "1/2-1/2"]
[WhiteElo "2235"]
[BlackElo "2078"]

1.d4 Nf6 2.c4 e6 3.Nf3 b6 4.g3 Ba6 5.b3 Bb4+ 6.Bd2 Be7 7.Bg2 c6 8.O-O O-O
9.Bc3 d5 10.Nbd2 Nbd7 11.Ne5 Rc8 12.Bb2 Nxe5 13.dxe5 Nd7 14.Rc1 b5 15.cxd5 cxd5
16.e4 Rxc1 17.Qxc1 Nc5 18.exd5 exd5 19.Rd1 Nd3 20.Qb1 Nxb2 21.Qxb2 Qb6 22.Nf1 d4
23.Qxd4 Bc5 24.Qf4 f6 25.e6 Bc8 26.b4 Be7 27.Re1 Rd8 28.a3 Bxe6 29.Qe4 Rd6
30.Ne3 Rd4 31.Qc2 Bf8 32.h4 a5 33.bxa5 Qxa5 34.Rb1 Bxa3 35.Qc6 Bf7 36.Nd5 Bf8
37.Rxb5 Qe1+ 38.Kh2 Qxf2 39.Qa6 Bxd5 40.Rxd5 Rd2  1/2-1/2

[Event "Independence Cup A"]
[Site "Kyiv UKR"]
[Date "2006.08.15"]
[Round "3"]
[White "Moiseev,Ig"]
[Black "Brozhik,V"]
[Result "1-0"]
[WhiteElo "2246"]
[BlackElo "2189"]

1.d4 Nf6 2.c4 e6 3.Nf3 b6 4.g3 Ba6 5.b3 Bb4+ 6.Bd2 Be7 7.Bg2 Bb7 8.O-O O-O
9.d5 exd5 10.Nh4 Ne4 11.Nc3 Nxd2 12.Qxd2 Bxh4 13.gxh4 Qxh4 14.Nb5 Rc8 15.cxd5 a6
16.Nd4 c5 17.Nf5 Qf6 18.e4 g6 19.Nh6+ Kg7 20.Ng4 Qh4 21.Ne5 b5 22.f4 d6 23.Nf3 Qe7
24.e5 Nd7 25.Rae1 Re8 26.e6 Nf6 27.Ng5 fxe6 28.Nxe6+ Kg8 29.f5 Ng4 30.Bh3 Qh4
31.Qg2 gxf5 32.Re2 h5 33.Rxf5 Kh8 34.Bxg4 hxg4 35.Re4 Rg8 36.Qb2+  1-0

[Event "16th Open"]
[Site "Abu Dhabi UAE"]
[Date "2006.08.16"]
[Round "5"]
[White "Grigoriants,S RUS"]
[Black "Bakre,T"]
[Result "1-0"]
[WhiteElo "2579"]
[BlackElo "2454"]

1.d4 Nf6 2.c4 e6 3.Nf3 b6 4.g3 Ba6 5.b3 d5 6.Bg2 Bb4+ 7.Bd2 Bd6 8.cxd5 exd5
9.Nc3 Nbd7 10.O-O O-O 11.Bf4 Qe7 12.Qc2 Rfe8 13.Rfe1 c6 14.e3 Rac8 15.Bxd6 Qxd6
16.Qb2 Ne4 17.Rac1 Nxc3 18.Rxc3 Nf6 19.Nd2 Rc7 20.Rec1 Bc8 21.b4 Bf5 22.a4 h5
23.h4 g6 24.Bf1 Ree7 25.Qa3 Ne4 26.Nxe4 Bxe4 27.Qb3 Kf8 28.Bg2 Bxg2 29.Kxg2 Red7
30.a5 Rc8 31.axb6 axb6 32.Qa4 Rdc7 33.R1c2 Ke7 34.Qb3 Kf8 35.Ra2 Ke7 36.Ra6 Rb8
37.Qa4 Qd7 38.Qc2 Kd8 39.Qa4 Ke7 40.Qa3 Qd6 41.Ra7 Rc8 42.Ra6 Rb8 43.Qb3 Kf8
44.b5 Kg8 45.Qa2 c5 46.Qa3 Qd7 47.dxc5 Rxc5 48.Ra8 Rcc8 49.Rxc8+ Qxc8 50.Rxb8 Qxb8
51.Qe7 Kg7 52.Kf3 Kg8 53.Qd7 Qe5 54.Qd8+ Kg7 55.Qxb6 Qe4+ 56.Ke2 Qc4+ 57.Kf3 Qe4+
58.Ke2 Qc4+ 59.Kd2 Qb4+ 60.Kd1 Kh7 61.Qc6 d4 62.exd4 Qxd4+ 63.Ke2 g5 64.hxg5 h4
65.gxh4 Qg4+ 66.Ke3 Kg7 67.b6 Qd1 68.Qc3+ Kg8 69.b7  1-0

[Event "Independence Cup A"]
[Site "Kyiv UKR"]
[Date "2006.08.16"]
[Round "4"]
[White "Melnichuk,M"]
[Black "Nogin,N"]
[Result "1/2-1/2"]
[WhiteElo "2215"]
[BlackElo "2321"]

1.d4 Nf6 2.c4 e6 3.Nf3 b6 4.g3 Ba6 5.Qa4 c5 6.Bg2 Bb7 7.O-O Be7 8.Rd1 O-O
9.Nc3 d6 10.Qc2 cxd4 11.Nxd4 Bxg2 12.Kxg2 Qc8 13.Qd3 Nbd7 14.b3 a6 15.Bb2 Rd8
16.Rac1 Ne5 17.Qe3 Qb7+ 18.Kg1 Rac8 19.f4 Nc6 20.Nxc6 Rxc6 21.Ne4 Nxe4 22.Qxe4 d5
23.Qf3 b5 24.cxd5 exd5  1/2-1/2

[Event "Stukkenjagers Weekend"]
[Site "Tilburg NED"]
[Date "2006.08.20"]
[Round "6"]
[White "Holwijn,M"]
[Black "Sprangers,R"]
[Result "0-1"]
[WhiteElo "2002"]
[BlackElo "2182"]

1.d4 Nf6 2.c4 e6 3.Nf3 b6 4.g3 Ba6 5.b3 d5 6.cxd5 exd5 7.Bg2 Bd6 8.O-O Nbd7
9.Bb2 Qe7 10.Re1 O-O 11.a3 Ne4 12.Nbd2 Rae8 13.e3 f5 14.b4 Rf6 15.Qb3 Bb7
16.Nf1 Rh6 17.b5 Qf7 18.a4 g5 19.Ba3 Ndf6 20.Bxd6 cxd6 21.N3d2 Ng4 22.Nxe4 fxe4
23.Ra2 Rf6 24.Ree2 Rf8 25.Qc2 Bc8 26.h3 Nh6 27.Qd1 Qh5 28.Red2 Rf3 29.Bxf3 exf3
30.e4 Qxh3 31.Ne3 Ng4  0-1

[Event "3rd Dato Arthur Tan"]
[Site "Kuala Lumpur MAS"]
[Date "2006.08.21"]
[Round "2"]
[White "Makinano,A"]
[Black "Bitoon,R"]
[Result "1/2-1/2"]
[WhiteElo "2242"]
[BlackElo "2433"]

1.d4 Nf6 2.Nf3 e6 3.c4 b6 4.g3 Ba6 5.Qa4 Bb7 6.Bg2 c5 7.O-O cxd4 8.Nxd4 Bxg2
9.Kxg2 Qc8 10.Bf4 Qb7+ 11.f3 a6 12.Nc3 Be7 13.e4 O-O 14.Rad1 d6 15.Nc2 Rd8
16.Nb4 h6 17.g4 Qc8 18.Rc1 Ra7 19.Be3 Nfd7 20.Nb5 Ra8 21.Rfd1 Nc5 22.Qa3 Qb7
23.Nd4 Rc8 24.Nbc2 Nbd7 25.b3 Ne5 26.Qb2 Ncd7 27.Ne1 Nxg4 28.fxg4 Qxe4+ 29.Kf2 Ne5
30.h3 Bh4+ 31.Ke2 Bxe1 32.Rxe1 Nd3 33.Qc3 Nxc1+ 34.Rxc1 b5 35.Qd3 Qg2+ 36.Bf2 bxc4
37.Rxc4 Rxc4 38.bxc4 Rb8 39.Nb3 Rc8 40.Nd2 d5 41.cxd5 exd5 42.Qe3 a5 43.a3 a4
44.Nb1 Qh1 45.Nd2 Qc1 46.h4 Qc6 47.Qd4 Re8+ 48.Be3 Qd6 49.g5 hxg5 50.hxg5 Qh2+
51.Kd3 Qh3 52.Qf4 Qd7 53.Bd4 Qb5+ 54.Kc2 Qe2 55.Bc3 Qa6 56.Nf3 Qe2+ 57.Nd2 Qa6
58.Nf3 Qg6+ 59.Kd2 Re4 60.Qb8+ Kh7 61.Qh2+ Kg8 62.Qb8+ Kh7 63.Qh2+  1/2-1/2

[Event "3rd Dato Arthur Tan"]
[Site "Kuala Lumpur MAS"]
[Date "2006.08.22"]
[Round "4"]
[White "Nguyen Ngoc Truongson"]
[Black "Bitoon,R"]
[Result "1-0"]
[WhiteElo "2535"]
[BlackElo "2433"]

1.d4 Nf6 2.c4 e6 3.Nf3 b6 4.g3 Ba6 5.b3 Bb4+ 6.Bd2 Be7 7.Bc3 Ne4 8.Bg2 Nxc3
9.Nxc3 O-O 10.O-O Bb7 11.Qd3 Nc6 12.Rad1 a5 13.e4 d6 14.Qb1 Qd7 15.Rfe1 Rad8
16.e5 d5 17.cxd5 exd5 18.Re3 Qe6 19.Nb5 Rc8 20.Rc1 Ba6 21.Bf1 Bxb5 22.Bxb5 Nb8
23.h4 c5 24.Kg2 Nc6 25.dxc5 bxc5 26.Bd3 g6 27.Ng5 Bxg5 28.hxg5 Nd4 29.Rh1 c4
30.Rh4 cxd3 31.Rxd4 Rc2 32.Rexd3 Re2 33.Rxd5 Qf5 34.Qg1 Qe4+ 35.Kh2 Rxa2
36.Qg2 Qe2 37.Rf3 Re8 38.Rf4 Qh5+ 39.Qh3 Qxh3+ 40.Kxh3 Rb2 41.Rd7 Rf8 42.Rf3 Re2
43.Rd5 Re8 44.Rd7 Rf8 45.Re7 Re4 46.Rc3 a4 47.bxa4 Rxa4 48.Rcc7 Re4 49.f4 Re2
50.Kg4 Re3 51.Rcd7 Re2 52.Kf3 Re1 53.Kf2 Rh1 54.e6 fxe6 55.Kg2 Rh5 56.Rxe6 Rf7
57.Re8+ Kg7 58.Rdd8 Ra7 59.Rg8+ Kf7 60.Rdf8+ Ke7 61.Rf6 Rd7 62.Rg7+ Ke8 63.Re6+ Kd8
64.Rxd7+ Kxd7 65.Re1 h6 66.gxh6 Rxh6 67.Kf3 Kd6 68.Kg4 Rh5 69.Re8 Kd7 70.Rg8  1-0

[Event "Independence Cup A"]
[Site "Kyiv UKR"]
[Date "2006.08.22"]
[Round "10"]
[White "Perun,S"]
[Black "Kruglyakov,P"]
[Result "0-1"]
[WhiteElo "2355"]
[BlackElo "2281"]

1.d4 Nf6 2.Nf3 e6 3.c4 b6 4.g3 Ba6 5.b3 Bb4+ 6.Bd2 Be7 7.Bg2 c6 8.Bc3 d5
9.Nbd2 Nbd7 10.O-O Rc8 11.Re1 O-O 12.e4 dxe4 13.Nxe4 Nxe4 14.Rxe4 b5 15.c5 Nf6
16.Re1 Nd5 17.Bb2 b4 18.a3 Bb5 19.axb4 a6 20.Qd2 Bf6 21.Ne5 Bxe5 22.dxe5 Ne7
23.Qc1 Qd3 24.Re3 Qf5 25.Be4 Qh3 26.Bc2 Rcd8 27.Qe1 Rd5 28.Be4 Rd7 29.Rd1 Rxd1
30.Qxd1 Nd5 31.Re1 h5 32.Bg2 Qf5 33.Be4 Qh3 34.Bg2 Qf5 35.h4 Bd3 36.Qd2 Rb8
37.Bc3 Rd8 38.Bb2 Rd7 39.Bc3 Bc2 40.Bb2 Bxb3 41.Be4 Qh3 42.Qd3 Nf6 43.Qxb3 Ng4
44.Qc2 g5 45.hxg5 h4 46.gxh4 Qh2+ 47.Kf1 Qxh4 48.Bg2 Qxg5 49.Qe4 Rd2 50.Bc1 Rxf2+
51.Kg1 Qh4 52.Qxg4+ Qxg4 53.Kxf2 Qh4+ 54.Kf1 Qc4+ 55.Kf2 Qc2+ 56.Kf1 Qc4+
57.Kf2 Qxb4 58.Be3 Qb2+ 59.Re2 Qxe5 60.Bxc6 f5 61.Kf1 f4 62.Bf2 Qf5 63.Be4 Qh3+
64.Ke1 Qc3+ 65.Kf1 f3 66.Re3 Qc1+ 67.Re1 Qc4+ 68.Kg1 Qc3 69.Re3 Qa1+ 70.Kh2 Qe5+
71.Kg1 Qg7+ 72.Kf1 Qa1+ 73.Re1 Qc3 74.Re3 Qxc5 75.Rxf3 Qe5 76.Re3 Qd6 77.Bd3 Qc6
78.Bg3 a5 79.Be5 a4 80.Kf2 Qd5 81.Be4 Qc5 82.Kf3 a3 83.Re1 a2 84.Ba1 Qa3+
85.Ke2 Qc5 86.Kd2 Kf7 87.Bd3 Qb4+ 88.Ke2 Ke7 89.Rc1 Kd6 90.Rd1 Ke7 91.Rc1 Qh4
92.Kd2 Qf2+ 93.Kc3 Qe3 94.Rd1 e5 95.Kc2 e4 96.Bc4 Qf2+ 97.Kb3 Qf3+ 98.Kc2 e3  0-1

[Event "VII Open"]
[Site "Tarragona ESP"]
[Date "2006.08.22"]
[Round "4"]
[White "Shneider,A"]
[Black "Carlsson,P"]
[Result "1/2-1/2"]
[WhiteElo "2535"]
[BlackElo "2453"]

1.d4 e6 2.c4 Nf6 3.Nf3 b6 4.g3 Ba6 5.b3 Bb4+ 6.Bd2 Be7 7.Bg2 c6 8.Bc3 d5
9.Ne5 Nfd7 10.Nxd7 Nxd7 11.Nd2 O-O 12.O-O Rb8 13.e4 b5 14.Re1 dxc4 15.bxc4 bxc4
16.Qc2 Re8 17.Rad1 Qc8 18.Bf1 Nb6 19.a4 c5 20.a5 cxd4 21.Bxd4 Nd7 22.Nxc4 Bb4  1/2-1/2

[Event "6th Open"]
[Site "Velika Gorica CRO"]
[Date "2006.08.24"]
[Round "7"]
[White "Lalic,B"]
[Black "Vadla,Z"]
[Result "1-0"]
[WhiteElo "2488"]
[BlackElo "2227"]

1.d4 Nf6 2.c4 e6 3.Nf3 b6 4.g3 Ba6 5.b3 Bb4+ 6.Bd2 Be7 7.Nc3 d5 8.cxd5 Nxd5
9.Bg2 Nxc3 10.Bxc3 Bb7 11.O-O O-O 12.Qc2 Qc8 13.e4 Nd7 14.Rad1 Re8 15.Bh3 c6
16.Rfe1 Qc7 17.b4 Nf8 18.Bg2 Rac8 19.Ne5 Ng6 20.Ng4 Bf8 21.h4 Ne7 22.h5 f5
23.exf5 exf5 24.Qb3+ Nd5 25.Ne5 Rcd8 26.Bd2 Bd6 27.Bg5 Rc8 28.b5  1-0